Dunajská Streda Leninova ulica : Hotel Dunaj : celkový pohľad

Zobrazenie: Štyri čiastkové pohľady oddelené bielymi líniami. Vľavo je medzi nimi vodorovne bielym písmom na oranžovom podklade názov. Pohľad na ulicu vľavo v pozadí, zľava je pozdĺž nej rad poschodových budov. V popredí je kvetinový záhon, za ním je široká prázdna plocha. Pohľad na Hotel Dunaj, vľ...

Full description

Bibliographic Details
Other Authors: Ondrejkovič, Ivan, 1935-1998 (Photographer)
Format: Photo
Language:Slovak
PhysicalDescription:1 pohľadnica (4 čiastkové pohľady) farebná 11 x 15 cm
Published: Bratislava ČSTK-Pressfoto 1988
Subjects:

MARC

LEADER 00000ckm a2200000 a 4500
001 vtls001200787
003 SK-MaSNL
005 20260331203145.0
007 kf co
008 180703s1988 xo g 0kuslo
015 |a SNBG1988 
035 |a SNK000143857 
040 |a SNK  |b slo  |c SNK  |e AACR2 
041 0 |a slo 
043 |a e-xo--- 
044 |a xo  |c SK 
072 7 |a 913  |x Regionálna geografia  |2 konspekt 
080 |a 913(437.6)  |2 2011 
080 |a (084.121)  |2 2011 
080 |a 711.73  |2 2011 
080 |a 640.412  |2 2011 
080 |a 35  |2 2011 
080 |a 730  |2 2011 
080 |a 69.056.52  |2 2011 
080 |a 721  |2 2011 
100 1 |a Ondrejkovič, Ivan,  |d 1935-1998  |4 pht  |9 7599 
245 1 0 |a Dunajská Streda  |h grafika  |b Leninova ulica : Hotel Dunaj : celkový pohľad  |c foto: I. Ondrejkovič ; výtvarný návrh: Ľ. Rázusová 
246 1 |i Názov na obrazovej časti:  |a Dunajská Streda 
260 |a Bratislava  |b ČSTK-Pressfoto  |c 1988  |e Skalica  |f Grafobal 
300 |a 1 pohľadnica (4 čiastkové pohľady)  |b farebná  |c 11 x 15 cm 
520 8 |a Zobrazenie: Štyri čiastkové pohľady oddelené bielymi líniami. Vľavo je medzi nimi vodorovne bielym písmom na oranžovom podklade názov. Pohľad na ulicu vľavo v pozadí, zľava je pozdĺž nej rad poschodových budov. V popredí je kvetinový záhon, za ním je široká prázdna plocha. Pohľad na Hotel Dunaj, vľavo pred ním vidno zaparkované autá, vpravo od nich je niekoľko ľudí pred vchodom. Pohľad zhora na budovu ONV, pred ňou je cez širokú ulicu park s kvetinovým záhonom. V pozadí sú husté listnaté stromy medzi ostatnými budovami mesta. Pohľad na súsošie uprostred kvetinového záhonu na trávnatej ploche. V pozadí sä vľavo aj vpravo výškové panelové domy 
650 0 7 |a ulice  |2 SNKPH  |9 2938 
650 0 7 |a hotely  |2 SNKPH  |9 18422 
650 0 7 |a úrady a inštitúcie  |2 SNKPH  |9 31014 
650 0 7 |a sochy  |2 SNKPH  |9 29846 
650 0 7 |a panelové domy  |2 SNKPH  |9 71125 
650 0 7 |a budovy  |2 SNKPH  |9 1283 
651 7 |a Dunajská Streda (Slovensko)  |2 SNKPHgeo  |9 17375 
655 7 |a miestne pohľadnice  |2 SNKPH  |9 70510 
700 1 |a Rázusová, Ľubica  |c (grafička)  |4 art  |9 283298 
958 |a GBN 
958 |a GC 
958 |a OND 
999 |c 968433  |d 970363 
952 |a SNK  |b SNK  |y PREZ  |7 0  |p 17A1281794  |o snkSP 139365  |i snk1621/88  |0 0  |1 0  |4 0  |d 2021-06-23  |f 1  |l 0  |r 2026-02-24 10:42:57  |w 2026-02-24 
952 |a SNK  |b SNK  |y PREZ  |7 0  |p 17A1281793  |o snkSP 139365 D1  |i snk1622/88  |0 0  |1 0  |4 0  |d 2021-06-23  |l 0  |r 2026-02-24 10:42:57  |w 2026-02-24